Statistics for European Union Languages less spoken

Click here to take the quiz!

General Stats

  • This quiz has been taken 406 times
  • The average score is 5 of 7

Answer Stats

Speaker population in EUOfficial language% Correct
1,500,000Latvian
84%
1,050,000Estonian
83%
3,000,000Lithuanian
82%
430,000Maltese
77%
4,300,000Croatian
70%
130,000Irish
70%
2,250,000Slovene
60%

Score Distribution

Percentile by Number Answered

Percent of People with Each Score

Your Score History

You have not taken this quiz